| 000 | 00000cam 2200000zi 4500 |
| 001 | 9.960491 |
| 003 | CaOODSP |
| 005 | 20260409131059 |
| 006 | m o d f |
| 007 | cr cn||||||||| |
| 008 | 260302e202603##onca ob f000 0 eng d |
| 020 | |a9780660987309 |
| 040 | |aCaOODSP|beng|erda|cCaOODSP |
| 043 | |an-cn--- |
| 086 | 1 |aP29-32-310-2026E-PDF |
| 245 | 00|aOrganic production systems : |bgeneral principles and management standards. |
| 250 | |a[March 2026 edition]. |
| 264 | 1|aOttawa, Ontario : |bCanadian General Standards Board : |bStandards Council of Canada, |cMarch 2026. |
| 264 | 4|c©2026 |
| 300 | |a1 online resource (79 pages) : |billustrations. |
| 336 | |atext|btxt|2rdacontent |
| 337 | |acomputer|bc|2rdamedia |
| 338 | |aonline resource|bcr|2rdacarrier |
| 490 | 1 |aNational standard of Canada ; |vCAN/CGSB-32.310-2026 |
| 500 | |a"Supersedes CAN/CGSB-32-310-2020, Corrigendum No. 1." |
| 500 | |aIssued also in French under title: Systèmes de production biologique : principes généraux et normes de gestion. |
| 500 | |8The publication file in PDF format has been replaced on 7 April 2026 as requested by the Canadian General Standards Board. |
| 504 | |aIncludes bibliographical references (page 79). |
| 520 | |a"Organic production is a holistic system designed to optimize the productivity and fitness of diverse communities within the agro-ecosystem, including soil organisms, plants, livestock and people. The principal goal of organic production is to develop operations that are sustainable and harmonious with the environment"--Introduction, page 1. |
| 650 | 0|aOrganic farming|xStandards|zCanada. |
| 650 | 0|aAgricultural industries|xStandards|zCanada. |
| 710 | 2 |aCanadian General Standards Board, |eissuing body. |
| 710 | 2 |aStandards Council of Canada, |eissuing body. |
| 775 | 08|tSystèmes de production biologique : |w(CaOODSP)9.960492 |
| 795 | |tOrganic production systems : |bCorrigendum No. 1, March 2021|w(CaOODSP)9.894375 |
| 830 | #0|aNational standard of Canada ;|vCAN/CGSB-32.310-2026.|w(CaOODSP)9.507848 |
| 856 | 40|qPDF|s980 KB|uhttps://publications.gc.ca/collections/collection_2026/ongc-cgsb/P29-32-310-2026-eng.pdf |
| 986 | |aICS 67.040/67.120.30 |